000 00515nam a2200181Ia 4500
008 140429s9999 xx 000 0 und d
020 _a9780071756082
050 _aPL 535
_b.C529 2011
100 _aChevray, Keiko Uesawa
245 _aJapanese grammar /
_cKeiko Uesawa Chevray and Tomiko Kuwahira.
260 _aNew York :
_bMcGraw-Hill,
_cc2011.
300 _a236 p. :
_c28 cm.
500 _aIncludes index.
521 _aGE
650 _aJapanese language
_xGrammar.
942 _kFOR
_cBK
999 _c115681
_d115681